5HLuxD.jpg

KING HENRY VIII SENIOR AND PRIMARY SCHOOL LIBRARY OPAC

A little history of science / (Record no. 325)

000 -LEADER
fixed length control field 01911cam a2200277 a 4500
001 - CONTROL NUMBER
control field (Sirsi) a818250
003 - CONTROL NUMBER IDENTIFIER
control field OSt
005 - DATE AND TIME OF LATEST TRANSACTION
control field 20190806102224.0
008 - FIXED-LENGTH DATA ELEMENTS--GENERAL INFORMATION
fixed length control field 140326r20132012ctua e 001 0 eng d
020 ## - INTERNATIONAL STANDARD BOOK NUMBER
International Standard Book Number 9780300197136 (pbk.) :
020 ## - INTERNATIONAL STANDARD BOOK NUMBER
International Standard Book Number 0300197136 (pbk.) :
040 ## - CATALOGING SOURCE
Original cataloging agency UKMGB
Language of cataloging eng
Transcribing agency UKMGB
Modifying agency OCLCO
-- NSB
-- ZQP
-- TAE
042 ## - AUTHENTICATION CODE
Authentication code nbic
082 0# - DEWEY DECIMAL CLASSIFICATION NUMBER
Classification number 509 BYN
100 1# - MAIN ENTRY--PERSONAL NAME
Personal name Bynum, W. F.
Fuller form of name (William F.),
Dates associated with a name 1943-
Relator term author
245 12 - TITLE STATEMENT
Title A little history of science /
Statement of responsibility, etc. William Bynum.
260 ## - PUBLICATION, DISTRIBUTION, ETC.
Place of publication, distribution, etc. New Haven, Conn. :
Name of publisher, distributor, etc. Yale University Press,
Date of publication, distribution, etc. 2013.
300 ## - PHYSICAL DESCRIPTION
Extent vi, 263 p. :
Other physical details ill. ;
Dimensions 22 cm.
500 ## - GENERAL NOTE
General note Originally published: 2012.
500 ## - GENERAL NOTE
General note Includes index.
505 0# - FORMATTED CONTENTS NOTE
Formatted contents note In the beginning -- Needles and numbers -- Atoms and the void -- The father of medicine: Hippocrates -- The master of those who know: Aristotle -- The emperor's doctor: Galen -- Science in Islam -- Out of darkness -- Searching for the philosopher's stone -- Uncovering the human body -- Where is the centre of the universe? -- Leaning towers and telescopes: Galileo -- Round and round: Harvey -- Knowledge is power: Bacon and Descartes -- The "new chemistry" -- What goes up...: Newton -- Bright sparks -- The clockwork universe -- Ordering the world -- Airs and gases -- Tiny pieces of matter -- Forces, fields and magnetism -- Digging up dinosaurs -- The history of our planet -- The greatest show on Earth -- Little boxes of life -- Coughs, sneezes and diseases -- Engines and energy -- Tabling the elements -- Into the atom -- Radioactivity -- The game-changer: Einstein -- Moving continents -- What do we inherit? -- Where did we come from? -- Wonder drugs -- Building blocks -- Reading "the book of life": theHuman Genome Project -- The big bang -- Science in our digital age.
650 #0 - SUBJECT ADDED ENTRY--TOPICAL TERM
Topical term or geographic name entry element Science
General subdivision History.
650 #0 - SUBJECT ADDED ENTRY--TOPICAL TERM
Topical term or geographic name entry element Science and civilization.
650 #0 - SUBJECT ADDED ENTRY--TOPICAL TERM
Topical term or geographic name entry element Discoveries in science
General subdivision History.
942 ## - ADDED ENTRY ELEMENTS (KOHA)
Source of classification or shelving scheme
Koha item type Books - Non Ficton
Holdings
Withdrawn status Lost status Source of classification or shelving scheme Damaged status Not for loan Collection code Permanent Location Current Location Shelving location Date acquired Full call number Barcode Date last seen Price effective from Koha item type
          Non-Fiction KH8 Senior School Library KH8 Senior School Library Non Fiction 2019-08-06 509 BYN 3KHSL000100190 2019-08-06 2019-08-06 Books - Non Ficton

Powered By KH8 IT Dept